000 00306nam a2200145Ia 4500
100 _aPlatt/ David S
942 _cBK
654 _amicrosoft net
245 _aIntroducing Microsoft Net
260 _bMicrosoft Press
_c2001
082 _a4.6
_bPLA
300 _a216
546 _aENGLISH
999 _c18752
_d18752